000 00544nam a2200193 a 4500
005 20140310183138.0
008 020823s19uu xx 00 eng d
020 _a9780030550249
050 _aHG 4026
_b.B764 1994
100 _aBrigham, Eugene F.
245 _aCases in financial management /
_cEugene F. Brigham.
260 _aUSA :
_bThe Dryden Press,
_c1994.
300 _a357 p. :
_c23 cm.
521 _aBSBA
650 _aBusiness enterprises
_xfinance
650 _aCorporations
_xfinance
942 _cBK
_2lcc
_kFOR
999 _c19323
_d19323